Movies Quiz

Random Movies or Director Quiz

Text Message Movies Quiz Stats

 Plays Quiz not verified by Sporcle

Challenge
Share
Tweet
Embed
Score 0/20 Timer 10:00
0 Plays Today
Text Message Code Film % Correct
843 24737The Birds
88.3%
36462Dogma
63.7%
6455Milk
39.3%
22824 63 43 968 226Catch Me If You Can
36%
2225 86 843 388873Back to the Future
35.4%
2378 46 7469Best in Show
33.9%
2583 835838Blue Velvet
30.6%
42647 63 639 9675Gangs of New York
30.3%
753379 465569Sleepy Hollow
28.8%
72642 7666Panic Room
28.5%
Text Message Code Film % Correct
7533737Sleeper
28.5%
92553WALL-E
27.9%
476863464 329Groundhog Day
26.7%
43 468 4263He Got Game
25.5%
7247464 2749662Raising Arizona
22.5%
78746673Rushmore
21.9%
3746 2762568424Erin Brockovich
18.3%
938 468 26374226 786637Wet Hot American Summer
16.5%
4663 287437Good Burger
15.9%
42253 266 3552Hable con ella
10.5%

You're not logged in!

Compare scores with friends on all Sporcle quizzes.
Join for Free
OR
Log In

You Might Also Like...

Show Comments

Extras

Top Quizzes Today


Score Distribution

Your Account Isn't Verified!

In order to create a playlist on Sporcle, you need to verify the email address you used during registration. Go to your Sporcle Settings to finish the process.

Report this User

Report this user for behavior that violates our Community Guidelines.

Details: